Vincitori Supercoppa italiana - Morte improvvisa - Statistics

Statistiche generali
  • Questo quiz è stato fatto 131 volte
  • Il punteggio medio è 6 su 9
Answers on the Grid
Answers color-coded by a green-red scale on the quiz's grid according to % correct below.
Juventus
Inter
Milan
Lazio
Roma
Napoli
Sampdoria
Parma
Fiorentina
Bologna
Atalanta
Genoa
Udinese
Cagliari
Bari
Hellas Verona
Palermo
Brescia
Lecce
Livorno
Chievoverona
Cesena
Novara
Foggia
Sassuolo
Siena
Catanzaro
Mantova
Pescara
Pisa
 
Statistiche sulle risposte
Risposta % Corretto
Juventus
86%
Inter
79%
Lazio
79%
Milan
79%
Napoli
71%
Roma
64%
Fiorentina
46%
Sampdoria
39%
Parma
36%
Nessun quiz corrispondente trovato
Distribuzione punteggi
Percentuale di utenti per punteggio
Percentile per numero di risposta
I tuoi punteggi nel tempo
Non hai fatto questo quiz